Socialistický obchod

Gespeichert in:
Bibliographische Detailangaben
Format: Schriftenreihe
Sprache:Tschechisch
Veröffentlicht: Praha Merkur 1988
Tags: Tag hinzufügen
Keine Tags, Fügen Sie das erste Tag hinzu!

MARC

LEADER 00000nas2a2200000 4500
001 s037056
005 20250730114148.3
041 0 |a cze 
044 |a CZ 
245 1 0 |a Socialistický obchod 
264 1 |a Praha  |b Merkur  |c 1988 
773 0 |w eu_un_cat*s120466